Pays qui utilisent le plus de pesticides - Statistiques

Statistiques générales
  • Ce quiz a été pris 146 fois
  • Le résultat moyen est 14 sur 20
Statistiques - réponses
Tonnes Pays % Correct
1 763 000 Chine
98%
13 Chine
98%
407 779 Etats-Unis
98%
71 951 France
96%
377 176 Brésil
91%
61 895 Espagne
90%
75 318 Canada
88%
60 259 Italie
84%
51 006 Japon
84%
11,4 Japon
84%
207 706 Argentine
79%
13,2 Colombie
65%
12 Corée du Sud
60%
10 Turquie
60%
78 201 Ukraine
59%
9,4 Pays Bas
45%
12 Equateur
28%
15,4 Israël
22%
22,9 Costa Rica
21%
10 Guatemala
20%
Aucun quiz correspondant
Distribution des résultats
% des personnes avec chaque résultat
Percentile par nombre de réponses
Votre historique - résultats
Vous n’avez pas pris ce quiz